[Event "7th Cesme Open-A 2019"]
[Site "Cesme"]
[Date "2019.06.27"]
[Round "6"]
[White "Tuncer, Tuna"]
[Black "Darban, Morteza"]
[Result "1/2-1/2"]
[WhiteElo "2365"]
[BlackElo "2264"]
[Annotator "TA"]
[PlyCount "73"]
[EventDate "2019.06.24"]
[EventType "swiss"]
[EventCountry "TUR"]
[SourceTitle "playchess.com"]
[Source "ChessBase"]
[SourceQuality "1"]

{[%evp 15,73,-2,1,0,4,0,66,9,5,0,-2,-2,-2,-7,0,-41,0,0,-17,-61,-49,-39,-19,-20,-14,-12,-22,-16,-19,-21,-10,-18,-10,-29,-28,-31,-31,-37,-30,-37,-39,-38,-43,-44,-36,-40,-24,-22,0,0,0,0,0,-14,0,0,0,-14,0,0]} 1. e4 c5 2. Nf3 Nc6 3. Bb5 g6 4. Bxc6 bxc6 5. O-O Bg7 6. c3 d6 7. h3 Nf6 8. Re1 O-O 9. d4 {B31: Sicilian: 2...Nc6 3 Bb5 g6} Nd7 10. Bg5 $146 ({Predecessor:} 10. Be3 cxd4 11. cxd4 Rb8 12. b3 Qa5 13. Bd2 Qb5 14. Nc3 Bb7 15. Bg5 f6 16. Be3 Rbe8 {1-0 (37) Bacrot,E (2709)-Vavrak,P (2475) Ohrid 2009}) 10... Bb7 ({Black should play} 10... cxd4 $11 11. cxd4 h6) 11. Qd2 (11. e5 $14) 11... Re8 12. Na3 cxd4 13. cxd4 c5 14. Nc4 Qb8 15. Bh6 Bh8 16. Na5 cxd4 17. Nxb7 Qxb7 18. Nxd4 Nc5 19. f3 a5 20. Rab1 Qb4 21. Red1 Qxd2 22. Rxd2 Rec8 23. Be3 Na6 24. Kf2 Rab8 25. Ke1 Nb4 26. Kd1 Nxa2 {[#] Hoping for ...Nc3+!} 27. Ra1 Nb4 28. Rxa5 h5 29. Rb5 Rxb5 30. Nxb5 Bf6 31. Na3 Na2 {The position is equal.} 32. Bd4 Rc1+ 33. Ke2 Bh4 34. Bf2 Bf6 35. Bd4 Bh4 36. Bf2 Bf6 37. Bd4 {Accuracy: White = 63%, Black = 56%.} 1/2-1/2

[Event "7th Cesme Open-A 2019"]
[Site "Cesme"]
[Date "2019.06.27"]
[Round "6"]
[White "Annageldyev, Orazly"]
[Black "Ozkan, Ervin"]
[Result "1/2-1/2"]
[WhiteElo "2353"]
[BlackElo "2159"]
[Annotator "TA"]
[PlyCount "68"]
[EventDate "2019.06.24"]
[EventType "swiss"]
[EventCountry "TUR"]
[SourceTitle "playchess.com"]
[Source "ChessBase"]
[SourceQuality "1"]

{[%evp 19,68,-9,7,10,8,16,0,0,3,-47,0,0,11,12,54,63,52,-37,-18,0,56,36,47,25,20,0,0,0,0,0,13,0,0,-60,-66,-61,-35,-38,0,-213,-222,-933,-923,-859,-836,-825,-790,-823,-815,-732,195]} 1. d4 d5 2. c4 c6 3. Nf3 Nf6 4. Nc3 a6 5. e3 b5 6. cxd5 cxd5 7. Bd3 e6 8. Ne5 Nbd7 9. f4 Bb7 10. O-O Bd6 11. Qf3 {D15: Slav Defence: 4 Nc3 a6 and gambit lines after 4 Nc3 dxc4} b4 12. Na4 O-O 13. Bd2 {The position is equal.} Ne4 14. Be1 {Threatening Nxd7.} Ra7 $146 ({Predecessor:} 14... Rb8 15. Rc1 Rc8 16. Rxc8 Qxc8 17. Qe2 Nxe5 18. fxe5 Be7 19. Bxe4 dxe4 20. Nb6 {0-1 (41) Le Roux,J (2494)-Wirig,A (2439) Nantes 2006}) 15. Rc1 Qe8 16. b3 Nxe5 17. fxe5 Be7 18. Nc5 (18. Bxe4 $14 dxe4 19. Qg4) 18... Bxc5 19. dxc5 f5 (19... a5 $11) 20. Bxb4 {Strongly threatening c6.} a5 21. Be1 (21. Ba3 $5 {[%cal Rc5c6]}) 21... Ba6 22. Qe2 Bxd3 23. Qxd3 Qb8 24. a3 Qxe5 25. c6 Qb2 26. Bh4 (26. Rc2 $11 Qxa3 27. c7) 26... Rc8 $36 {[%mdl 2048] Black has the initiative.} ({Much weaker is} 26... Qxa3 27. c7 $11) 27. a4 Rac7 28. Rc2 Qa3 29. Rfc1 $2 {[#]} (29. Qb5 $11 {and White is okay.}) 29... Rxc6 $1 $19 {[%mdl 512]} 30. h3 $2 (30. Rxc6 Qxc1+ 31. Rxc1 Rxc1+ 32. Qf1 Rxf1+ 33. Kxf1) 30... Qxc1+ {Black is clearly winning.} 31. Rxc1 Rxc1+ 32. Kh2 g5 33. Bg3 {[#]} f4 $1 34. exf4 Nf6 $4 {[%mdl 8192] Accuracy: White = 33%, Black = 36%.} (34... gxf4 $19 {and all is fine.} 35. Bh4 {[#]} Ng3 $1 {[%mdl 512]} 36. Bxg3 R1c3 37. Qxc3 Rxc3 38. Bxf4 Kf7) 1/2-1/2

[Event "7th Cesme Open-A 2019"]
[Site "Cesme"]
[Date "2019.06.27"]
[Round "6"]
[White "Kucuksari, Kaan"]
[Black "Mammadov, Zaur"]
[Result "0-1"]
[WhiteElo "2299"]
[BlackElo "2428"]
[Annotator "TA"]
[PlyCount "88"]
[EventDate "2019.06.24"]
[EventType "swiss"]
[EventCountry "TUR"]
[SourceTitle "playchess.com"]
[Source "ChessBase"]
[SourceQuality "1"]

{[%evp 15,88,-6,0,-8,7,-43,-31,-33,-19,-21,0,0,0,-52,0,0,0,0,0,0,0,0,0,0,0,0,0,0,0,0,0,-24,-22,-100,-93,-140,-136,-137,-135,-129,-125,-180,-100,-199,-205,-181,-90,-90,-87,-89,-89,-88,-87,-92,-94,-96,-86,-89,-72,-80,-60,-65,-60,-77,-77,-73,-76,-77,-87,-114,-114,-142,-139,-264,-254]} 1. d4 d5 2. Nf3 Nf6 3. e3 c5 4. b3 cxd4 5. exd4 Nc6 6. Bd3 g6 7. O-O Bg7 8. Re1 O-O 9. h3 {A48: 1 d4 Nf6 2 Nf3 g6: Torre, London and Colle Systems} (9. c3 Qc7 10. h3 Rd8 11. Bg5 b6 12. Qc1 Bb7 13. Bf4 Qc8 14. Ne5 Ne4 15. Nxc6 Qxc6 16. Bxe4 dxe4 {0-1 (32) Huelsmann,J (2219)-Birnboim,N (2365) Marianske Lazne 2016}) 9... Nb4 10. Bf1 $146 ({Predecessor:} 10. Ba3 Nxd3 11. Bxe7 Qc7 12. Qxd3 Bf5 13. Qc3 Rfc8 14. Qxc7 Rxc7 15. Na3 Ne4 16. Bb4 a5 {½-½ (26) Valencia Quinchoa,R (1904)-Bravo,J (1735) Medellin 2017}) 10... Bf5 11. Na3 {Black is slightly better.} Rc8 {[%cal Rf5c2] [#]} 12. c3 $1 {[%mdl 512]} Nc6 (12... Rxc3 13. Bd2) 13. Bb2 Ne4 14. Nc2 {[#]} (14. c4 $11) 14... Nxc3 $1 {[%mdl 512]} 15. Bxc3 $11 {Nb4 is the strong threat.} Bxc2 $1 16. Qxc2 Nxd4 $1 17. Nxd4 Bxd4 18. Re3 $1 {[%cal Re3d3]} Bf6 {Strongly threatening ...d4.} 19. Rd1 $1 Qc7 $1 20. Qe2 $1 {Hoping for Bxf6.} Bxc3 21. Rxe7 Qc6 22. Qb5 Qf6 23. Rxb7 Bd4 $36 {[%mdl 2048] Black is more active.} 24. Rd2 (24. Qe2 $11) 24... Bb6 $1 $17 25. Rd7 {[#]} ({Avoid the trap} 25. Qxd5 $2 Rcd8 $19) 25... Rfe8 $1 26. Re2 Rxe2 27. Qxe2 Qf5 28. Rd6 (28. Rb7 $17) 28... Bc5 ({Better is} 28... Rc1 $19 {Threatens to win with ...h5.} 29. Qe8+ Kg7) 29. Ra6 {[#]} (29. g4 $17 Qf4 30. Rxd5) 29... Bb6 $1 $19 {And now ...Rc2 would win.} 30. Ra4 Rc2 (30... Rc3 $19 31. Rb4 Rc2) 31. Rf4 $17 {Black must now prevent Qe8+.} Rxe2 32. Rxf5 {[%mdl 4096] Endgame KRB-KRB} Rd2 33. Rf3 Rxa2 34. g4 Kg7 35. g5 Rd2 36. Bb5 Kf8 37. Kg2 Bd8 38. h4 Bb6 39. Kg3 Ke7 40. Ba6 Bd4 41. Kg2 f6 42. Bb7 f5 43. Bxd5 Bxf2 $1 {[%mdl 64] Discovered Attack} 44. Bg8 (44. Rxf2 $17 Rxd5 45. b4) 44... Bxh4+ {Accuracy: White = 50%, Black = 64%.} 0-1

[Event "7th Cesme Open-A 2019"]
[Site "Cesme"]
[Date "2019.06.27"]
[Round "6"]
[White "Lomsadze, Davit"]
[Black "Bashirov, Teymur"]
[Result "*"]
[WhiteElo "2292"]
[BlackElo "2238"]
[Annotator "TA"]
[PlyCount "47"]
[EventDate "2019.06.24"]
[EventType "swiss"]
[EventCountry "TUR"]
[SourceTitle "playchess.com"]
[Source "ChessBase"]
[SourceQuality "1"]

{[%evp 12,47,34,23,24,13,33,11,0,4,0,0,15,-26,14,-6,-6,-30,-27,-33,-42,-49,-47,-47,-54,-58,-25,-26,-2,-9,-3,-9,34,22,31,29,20,-8]} 1. Nf3 b6 2. g3 Bb7 3. Bg2 g6 4. O-O Bg7 5. d3 e6 6. e4 Ne7 7. c3 O-O {C00: French: Unusual White 2nd moves} 8. h4 $146 ({Predecessor:} 8. Re1 d6 9. d4 h6 10. Nbd2 Kh7 11. a4 a6 12. Qc2 c5 13. dxc5 bxc5 14. h4 Nbc6 15. h5 {1-0 (40) Anton Guijarro,D (2654)-Larino Nieto,D (2491) Linares 2017}) 8... h6 9. Be3 d6 10. Nbd2 {[%cal Bb1d2,Bd2f1,Bf1h2,Bh2g4][%mdl 32]} Nd7 11. Re1 c5 12. Nf1 d5 13. Qc1 Kh7 14. N1h2 e5 15. Ng4 {[%cal Re3h6]} h5 16. Ng5+ Kg8 17. Nh2 d4 18. Bd2 Rc8 19. c4 Nf6 20. Qd1 Qc7 21. f4 Nd7 {[#]} 22. f5 $1 {[%mdl 512]} gxf5 23. Qxh5 {[%csl Gg5][%cal Rh5h7]} Nf6 24. Qe2 {Accuracy: White = 53%, Black = 54%.} *

[Event "7th Cesme Open-A 2019"]
[Site "Cesme"]
[Date "2019.06.27"]
[Round "6"]
[White "Dogan, Nazmi Can"]
[Black "Lavrov, Maxim"]
[Result "1-0"]
[WhiteElo "2276"]
[BlackElo "2401"]
[Annotator "TA"]
[PlyCount "259"]
[EventDate "2019.06.24"]
[EventType "swiss"]
[EventCountry "TUR"]
[SourceTitle "playchess.com"]
[Source "ChessBase"]
[SourceQuality "1"]

{[%evp 26,259,22,18,20,17,17,14,25,20,19,18,20,20,9,0,0,0,0,-9,-9,-4,7,8,127,147,133,143,99,49,16,-11,-11,-11,-12,-12,8,7,8,8,8,9,12,5,8,1,33,32,51,72,129,75,140,135,175,149,172,154,264,256,316,327,301,256,256,256,256,256,256,255,254,198,293,293,292,256,266,234,241,234,333,333,329,329,331,329,322,322,322,322,321,293,204,230,493,493,493,493,493,485,485,471,471,409,409,409,319,319,29940,305,29941,29943,29945,29946,29946,29947,29949,29952,29952,29950,29950,29946,29947,29948,29948,29949,29949,29948,29946,29945,29954,29956,29954,29953,29951,29953,29953,29953,29953,29955,29955,29956,29954,29955,29955,29957,29957,29953,29954,29948,29949,29948,29951,29952,29955,29955,29955,29957,29953,29954,29951,29946,29945,29943,29944,29944,29944,29946,29940,0,29939,29941,29942,29944,29943,29944,29943,29944,29946,29947,29945,29945,29945,29948,29948,29950,29949,29952,29956,29955,29954,29944,29943,29939,29957,29958,29957,29953,4153,4151,4151,4137,29976,29977,29977,29978,29976,29979,29979,29980,29980,29981,29981,29980,29982,29978,29983,29984,29984,29985,29985,29986,29986,29987,29987,29988,29988,29989,29989,29989,29990,29990,29992,29993,29993,4141]} 1. d4 Nf6 2. c4 g6 3. Nc3 Bg7 4. e4 d6 5. Nf3 O-O 6. Be2 e5 7. dxe5 dxe5 8. Qxd8 Rxd8 9. Bg5 Re8 10. Nd5 Nxd5 11. cxd5 c6 12. Bc4 b5 13. Bb3 Bb7 14. Rc1 a5 {E92: King's Indian: Classical: 6 Be2 e5: 7 dxe5, 7 Be3 and Petrosian System without 7...Nbd7} 15. a4 bxa4 16. Bxa4 {[%cal Rd5c6]} Rc8 {The position is equal.} 17. O-O (17. d6 f6 18. Be3 Bf8 19. Nd2 Bxd6 20. Nc4 Bb4+ 21. Ke2 Ba6 22. Kf3 Bxc4 23. Rxc4 {½-½ (49) Shabalov,A (2520)-Nyzhnyk,I (2628) Phoenix 2015}) 17... f6 18. Bb3 $146 ({Predecessor:} 18. Be3 Bf8 19. Nd2 cxd5 20. Rxc8 Bxc8 21. Bb3 Bb7 22. Rc1 Na6 23. exd5 Kg7 24. Nc4 {1-0 (24) Ivanov,M (2495)-Dubin,S (2130) Avoine 1999}) 18... Kh8 19. Be3 a4 20. Ba2 Na6 21. d6 $36 {[%mdl 2048] And now Bb6 would win. White is pushing.} c5 22. Be6 Rd8 23. d7 Bxe4 24. Bxc5 Nc7 {[#]} (24... Nxc5 $11 25. Rxc5 Bf8) 25. Bh3 $1 $16 Nd5 {[%cal Bc7d5,Bd5f4,Bf4e2][%mdl 32] [#]} 26. Rfd1 $1 Nf4 27. Bb6 ({Inferior is} 27. Nd2 Bc6 $17) 27... Ne2+ $1 ({Don't go for} 27... Bxf3 $2 28. Bxd8 Ne2+ 29. Kh1 $18) 28. Kh1 Nxc1 29. Bxd8 Rxd8 30. Rxc1 {Hoping for Rc8!} Bf8 31. Nd2 Bd5 32. Nc4 Kg7 33. Nb6 $1 {[%csl LRa4,LRd5]} Bb3 34. g3 Be7 35. Rc8 f5 36. Bf1 Kf6 37. Bb5 Ke6 (37... e4 $142) 38. Kg1 ({Better is} 38. Nxa4 {Strongly threatening Nc5+.} Bd5+ 39. Kg1) 38... e4 (38... Bf6 $142) 39. Nxa4 Bd5 40. Nb6 Bb7 41. Rc7 Rb8 (41... Bd5 $16) 42. Rc8 Bxc8 43. dxc8=Q+ ({Weaker is} 43. dxc8=N Kf7 $11) 43... Rxc8 44. Nxc8 Bc5 45. Kf1 Ke5 46. Ke2 g5 47. Be8 f4 48. Bh5 h6 (48... Kd5 $142 49. f3 e3 50. gxf4 gxf4) 49. b4 $18 Bxb4 50. Nb6 Kd4 51. Nd7 Bd6 52. Nf6 Be5 (52... Be7 $142) 53. Ng8 Bg7 54. Ne7 {aiming for Nf5+.} Bf8 55. Nf5+ Ke5 56. g4 Kd5 57. Be8 Ke5 58. h3 Kd5 59. f3 exf3+ $2 (59... e3 {keeps fighting.} 60. Kd3 Ke5) 60. Kxf3 Ke5 61. h4 gxh4 62. Nxh4 {Ng6+ is the strong threat.} Kf6 63. Ng2 Bd6 64. Nxf4 Kg5 65. Ne6+ Kf6 66. Nd4 Be5 $2 (66... Kg5 $18 67. Bh5 Ba3) 67. Ke4 $2 (67. Nf5 {mates} Kg5 68. Ng3 Kf6 69. Nf5 Kg5 70. Ke4 Bb2 71. Bh5 Ba3 72. Ne3) 67... Bb8 $2 (67... Bd6 $18 68. Bb5 Kg5) 68. Nf5 Kg5 69. Bh5 Bc7 70. Kd5 Bb6 71. Ke6 Ba5 72. Kf7 Bc3 73. Kg8 Bb4 74. Kg7 Bc3+ 75. Kh7 Kf6 76. Nxh6 Bd2 77. Nf5 Ke5 78. Kg6 Bc1 79. Ng3 Bf4 80. Ne2 Be3 81. Kf7 Bg5 82. Bg6 Be3 83. Bd3 Bd2 84. Kg6 Be3 85. Kh5 Kd5 86. Kh4 Ke5 87. Kg3 Bd2 88. Ng1 Bf4+ 89. Kh4 Kf6 90. Nf3 Ke6 91. Be4 Kf6 92. Bf5 Be3 93. Kg3 Bc1 94. Kf2 Bf4 95. Ke2 Bh6 96. Nd2 Ke5 97. Nf3+ Kf6 $1 98. Kd3 Bf4 99. Ke4 Bh6 100. Kd5 Bf4 101. Nd4 Be3 102. Ne2 Bd2 103. Ng3 Bc1 104. Ne4+ Ke7 105. Bg6 Bf4 106. Bh5 Bh6 107. Ke5 Be3 108. Ng3 Bc1 109. Nf5+ Kf8 110. Kf6 Bb2+ 111. Kg6 Bc1 112. g5 Bd2 113. Kf6 Bxg5+ 114. Kxg5 {White mates.} Kg8 115. Bg6 Kh8 116. Kf6 Kg8 117. Nd6 Kh8 118. Nf7+ Kg8 119. Bf5 Kf8 120. Bh7 Ke8 121. Ne5 Kd8 122. Be4 Kc7 123. Nc4 Kd7 124. Kf7 Kd8 125. Bc6 Kc7 126. Bb5 Kd8 127. Be8 Kc8 128. Ke7 Kb7 129. Kd8 Kb8 130. Bc6 {Accuracy: White = 78%, Black = 47%.} 1-0

[Event "7th Cesme Open-A 2019"]
[Site "Cesme"]
[Date "2019.06.27"]
[Round "6"]
[White "Kazimova, Narmin"]
[Black "Chighladze, Iveri"]
[Result "0-1"]
[WhiteElo "2271"]
[BlackElo "2317"]
[Annotator "TA"]
[PlyCount "76"]
[EventDate "2019.06.24"]
[EventType "swiss"]
[EventCountry "TUR"]
[SourceTitle "playchess.com"]
[Source "ChessBase"]
[SourceQuality "1"]

{[%evp 15,76,3,6,11,29,13,13,16,17,11,14,6,17,1,11,0,4,-17,-21,-4,-31,-42,-65,-101,-75,-117,-110,-115,-114,-156,-140,-153,-161,-195,-185,-206,-204,-368,-324,-306,-213,-315,-311,-316,-310,-360,-308,-308,-299,-309,-297,-364,-305,-305,-302,-398,-409,-495,-495,-1204,-1152,-2450,-1252]} 1. d4 d5 2. c4 e6 3. Nc3 Be7 4. Nf3 Nf6 5. Bf4 O-O 6. e3 Nbd7 7. c5 c6 8. Bd3 b6 9. b4 {D37: Queen's Gambit Declined: 5 Bf4} a5 10. a3 Ba6 11. O-O {The position is equal.} Qc8 12. Bxa6 (12. h3 Qb7 13. Qc2 Bxd3 14. Qxd3 axb4 15. axb4 Rxa1 16. Rxa1 Ra8 {½-½ (24) Mamedyarov,S (2801)-Aronian,L (2767) Saint Louis 2018}) 12... Qxa6 13. Rb1 $146 ({Predecessor:} 13. Qb1 Qb7 14. Qc2 Ra7 15. Rfb1 axb4 16. axb4 Rfa8 17. Rxa7 Rxa7 18. h3 b5 19. Rc1 Bd8 20. g3 Bc7 21. Kg2 Ra8 22. Rb1 Bxf4 {½-½ (22) Isigkeit,H (2420)-Muck,C (2547) ICCF email 2007}) 13... Qc4 14. Nd2 Qd3 ({But not} 14... Qxc3 $6 15. Rb3 $16) 15. Rb3 {[#] Hoping for b5.} Qf5 16. b5 bxc5 17. bxc6 cxd4 18. Nb5 e5 $1 $36 {[%mdl 2048] White must now prevent ...Nc5. White is under pressure.} 19. cxd7 {[#] aiming for Bg3.} a4 $1 {[%cal Ra4b3]} 20. Nxd4 exd4 21. Rb7 Rfd8 22. Nf3 dxe3 23. fxe3 {next Nd4 is good for White.} Rxd7 24. Nd4 Qe4 25. Rxd7 Nxd7 26. Qh5 $2 (26. Qc1) 26... Nf6 27. Qg5 {White wants to play Nf5.} Qg6 ({And not} 27... Bxa3 28. Nf5 $11) 28. Qe5 (28. Qxg6 {was worth a try.} hxg6 29. Nb5) 28... Bxa3 $19 29. Nf5 Re8 30. Qc3 Qxf5 31. Qxa3 Qe4 32. Ra1 Ra8 33. Qc5 Qe6 34. h3 h6 35. Ra3 Ne4 36. Qb5 g5 {Black is clearly winning.} 37. Bb8 (37. Bh2 $142 Rc8 38. Qb2) 37... Qc8 38. Qxd5 Rxb8 {Accuracy: White = 32%, Black = 77%.} 0-1

[Event "7th Cesme Open-A 2019"]
[Site "Cesme"]
[Date "2019.06.27"]
[Round "6"]
[White "Aydincelebi, Kagan"]
[Black "Erdogdu, Mert"]
[Result "1-0"]
[WhiteElo "2258"]
[BlackElo "2391"]
[Annotator "TA"]
[PlyCount "69"]
[EventDate "2019.06.24"]
[EventType "swiss"]
[EventCountry "TUR"]
[SourceTitle "playchess.com"]
[Source "ChessBase"]
[SourceQuality "1"]

{[%evp 11,69,21,21,24,24,21,28,31,29,26,89,47,35,43,109,42,40,30,34,36,24,26,53,40,31,30,41,8,19,0,0,0,50,45,76,67,134,116,108,87,128,136,654,192,486,483,608,659,625,623,651,627,588,423,1237,832,29992,29993,29997,29998]} 1. e4 e5 2. Nf3 Nc6 3. Bb5 Nge7 4. Nc3 g6 5. d4 exd4 6. Nd5 Bg7 $1 7. Bg5 {Black must now prevent Bxc6. C60: Ruy Lopez: Unusual Black 3rd moves and 3...g6} h6 8. Bf6 Bxf6 9. Nxf6+ {White has an edge.} Kf8 10. O-O (10. Qd2 a6 11. Bc4 Nf5 12. Nd5 Nd6 13. Bd3 Kg7 14. O-O-O Re8 {1-0 (47) Navara,D (2726)-Movsesian,S (2653) Prague 2016}) 10... Nf5 (10... a6 $11 {keeps the balance.} 11. Bc4 Kg7 12. Nxd4 Ne5) 11. Nd5 Ng7 $1 12. Qd2 (12. Nxd4 Nxd4 13. Qxd4 c6 $17) 12... Ne6 $146 {[#]} (12... d6 $1 $14) ({Predecessor:} 12... d6 13. Rfe1 Bg4 14. Nxd4 Bd7 {1-0 (72) Guliyev,N (2539)-Milchev,N (2421) Plancoet 2012}) 13. Nf4 (13. c3 $1 $16) 13... Nxf4 $14 14. Qxf4 Kg7 15. e5 a6 16. Ba4 $40 {[%mdl 128] White mounts an attack.} Qe7 17. Rfe1 Nd8 18. Qxd4 {Threatens to win with e6+.} ({Inferior is} 18. Nxd4 c5 $17) 18... Ne6 19. Qd5 Rb8 20. Rad1 b5 21. Bb3 Rb6 22. Qd2 Rf8 23. h4 Rd8 (23... a5 $14) 24. Bxe6 $1 $16 fxe6 25. Re4 Rf8 26. Rg4 Qf7 $2 {[%mdl 8192]} (26... h5 $16 27. Rd4 Rf5) 27. Qe3 $2 (27. h5 g5 {[#]} 28. Nxg5 $1 {[%mdl 512]} hxg5 29. Qxg5+ Kh7 30. Rdd4) 27... Qf5 $2 (27... h5 {was necessary.} 28. Rgd4 Rc6) 28. Rdd4 $18 {[%cal Bd1d4,Bd4f4,Bf4f6][%mdl 32]} Qh5 29. Rgf4 Rxf4 30. Rxf4 g5 31. hxg5 hxg5 32. Rf6 g4 (32... Rd6 $142 33. exd6 Kxf6 34. Qc3+ (34. dxc7 Ke7 $18) 34... Kf7 35. Qxc7 (35. dxc7 d6 $18) 35... Qh8 36. Nxg5+ Kg6) 33. Ng5 {White wants to mate with Qf4.} Rc6 34. Qf4 Qh8 {[#]} 35. Nxe6+ $1 {[%mdl 512] Accuracy: White = 61%, Black = 34%.} 1-0

[Event "7th Cesme Open-A 2019"]
[Site "Cesme"]
[Date "2019.06.27"]
[Round "6"]
[White "Ozenir, Ekin Baris"]
[Black "Eminov, Orkhan"]
[Result "1/2-1/2"]
[WhiteElo "2250"]
[BlackElo "2314"]
[Annotator "TA"]
[PlyCount "96"]
[EventDate "2019.06.24"]
[EventType "swiss"]
[EventCountry "TUR"]
[SourceTitle "playchess.com"]
[Source "ChessBase"]
[SourceQuality "1"]

{[%evp 18,96,47,23,49,45,51,41,55,56,60,43,64,20,8,9,11,0,0,0,0,0,0,0,23,31,22,37,33,49,95,0,0,0,0,0,0,0,0,0,0,0,0,0,0,0,0,0,0,0,3,0,0,0,0,2,27,7,39,8,51,0,0,0,0,0,0,0,174,159,158,0,67,67,67,67,67,67,67,0,0]} 1. d4 Nf6 2. c4 g6 3. Nc3 Bg7 4. e4 d6 5. Be2 O-O 6. Nf3 Bg4 7. Be3 Nfd7 8. Ng1 Bxe2 9. Ngxe2 c5 10. O-O cxd4 {E91: King's Indian: Classical: 6 Be2, unusual replies including 6...c5 and 6...Bg4} 11. Bxd4 Ne5 (11... Nf6 12. f3 Nc6 13. Be3 Rc8 14. Qd2 Qa5 15. b3 a6 16. a4 Nd7 17. Rab1 Rfe8 18. Rfc1 Nc5 19. Qd1 Qd8 20. Qd2 Qa5 21. Qd1 Qd8 22. Qd2 {½-½ (22) Banusz,T (2585)-Guseinov,G (2614) Dubai 2015}) 12. f4 Ng4 {next ...Bxd4+ is good for Black.White is slightly better.} 13. Bxg7 $146 ({Predecessor:} 13. Kh1 Bxd4 14. Qxd4 Nc6 15. Qd3 Qb6 16. Qf3 Ne3 17. Rfc1 f5 18. c5 Qxc5 {½-½ (52) Gombac,J (2290)-Jovanic,O (2424) Zadar 2003}) 13... Kxg7 14. Nd5 e6 15. Qd4+ Kg8 16. Ne3 Nc6 17. Qd2 Qb6 18. Rf3 d5 19. cxd5 ({Much worse is} 19. exd5 exd5 20. c5 (20. cxd5 Rfe8 $17) 20... Qxc5 $17) 19... exd5 20. e5 $1 ({Much weaker is} 20. exd5 Rfe8 $17) 20... Rfd8 21. Kh1 Nxe3 22. Rxe3 d4 23. Rd3 Nb4 {[#]} 24. Rxd4 ({White should play} 24. Rh3 $1 $16) 24... Rxd4 $11 25. Qxd4 (25. Nxd4 $2 {loses.} Rd8 $19) 25... Qxd4 26. Nxd4 $16 {[%mdl 4096] Endgame KRN-KRN} Rd8 27. Nf3 Nd3 28. g3 Nxb2 29. Kg2 {aiming for Rb1.} Rd1 30. Rxd1 Nxd1 $11 {KN-KN} 31. Nd4 Nc3 32. a3 Nb1 33. a4 b6 34. Nb5 a6 35. Nc7 $1 Nc3 36. Nxa6 Nxa4 37. Kf3 Nc3 38. Nb4 h5 (38... f6 $5) 39. h3 (39. Ke3 $14) 39... Kf8 40. g4 h4 41. f5 g5 42. Ke3 b5 $2 (42... Ke8 $11) 43. Nd3 $18 Ke7 {[#]} 44. Kd4 $2 (44. Nf2 $1 $16) 44... b4 (44... Ne2+ $1 $11 45. Kc5 Ng1) 45. Kc4 $14 Ne2 $1 46. Kxb4 {Threatens to win with Kc4.} Ng1 $1 47. Nf2 Nf3 $1 48. Nd3 (48. Ne4 $1 $14) 48... Ng1 $1 {Accuracy: White = 75%, Black = 63%.} 1/2-1/2

[Event "7th Cesme Open-A 2019"]
[Site "Cesme"]
[Date "2019.06.27"]
[Round "6"]
[White "Ozates, Tuna"]
[Black "Bashirli, Nail"]
[Result "0-1"]
[WhiteElo "2214"]
[BlackElo "2367"]
[Annotator "TA"]
[PlyCount "60"]
[EventDate "2019.06.24"]
[EventType "swiss"]
[EventCountry "TUR"]
[SourceTitle "playchess.com"]
[Source "ChessBase"]
[SourceQuality "1"]

{[%evp 16,60,24,28,37,19,35,15,72,-8,0,0,6,8,27,18,29,25,35,23,47,18,88,85,79,68,79,15,17,25,8,13,70,-158,-150,-160,-152,-308,-321,-409,-389,-395,-212,-214,-203,-29994,-29995]} 1. d4 Nf6 2. Bg5 Ne4 3. Bf4 c5 4. f3 Qa5+ 5. c3 Nf6 6. d5 Qb6 7. Bc1 e6 8. e4 exd5 9. exd5 Bd6 {A45: Trompowsky Attack} (9... Be7 10. c4 d6 11. Bd3 Nbd7 12. f4 O-O 13. Nc3 Re8 14. Nge2 Nf8 15. Qc2 Bg4 16. O-O Bxe2 17. Bxe2 {0-1 (55) Mchedlishvili,M (2600)-Melkumyan,H (2664) Batumi 2018}) 10. c4 O-O 11. Bd3 Qc7 (11... Be5 $11) 12. g3 (12. Nc3 $16) 12... b5 13. Ne2 bxc4 14. Bxc4 Ba6 15. Na3 Re8 16. O-O Be5 $146 ({Predecessor:} 16... Re5 17. Nc3 {1-0 (29) Schenk,A (2265)-Koppenhoefer,B Boeblingen 1998}) 17. Qd3 Qb7 18. Rd1 d6 (18... Qb6 $11 {keeps the balance.}) 19. f4 $1 $16 {[%cal Rf4e5]} Bd4+ ({Wrong is} 19... Bxb2 $2 20. Rb1 $18) 20. Nxd4 cxd4 21. Qxd4 (21. Nb5 $1 $16 {[%cal Rb5d6]} Bxb5 22. Bxb5) 21... Re4 $11 22. Qd3 $1 Qb6+ 23. Kg2 $1 Bb7 ({Black should play} 23... Bc8 $11) 24. Kf3 $2 (24. Qb3 $1 $14 {was forced to keep a grip.}) 24... Nbd7 $17 25. Be3 {[#]} Nc5 $1 $36 {[%mdl 2048] White must now prevent ...Rae8. Black is in control.} ({Not} 25... Qxb2 26. Rdb1 $16) 26. Qc3 $2 (26. Bf2 $17 {keeps fighting.}) 26... Rae8 $19 27. Bg1 {[#]} Rxc4 $1 {[%mdl 512]} 28. Qxc4 (28. Nxc4 Bxd5+) 28... Nxd5 (28... Qxb2 $142 {( -> ...Nd3)} 29. Rab1 Qxa3+ 30. Kg2 Ba6 31. Bxc5 dxc5) 29. Rxd5 {Hoping for Rad1.} Qxb2 {[%mdl 64] Double Attack} 30. Bxc5 $2 (30. Nc2 $19 Nd7 31. Rad1) 30... Bxd5+ {Accuracy: White = 56%, Black = 48%.} 0-1